| 000 | 00618na a2200241 4500 | ||
|---|---|---|---|
| 001 | 14280 | ||
| 003 | MIRAKIL | ||
| 005 | 20181213154903.0 | ||
| 008 | 161028b tu 000 0 | ||
| 020 | _a9786056130489 | ||
| 040 |
_aMilas _btur _cTR-AnCHP |
||
| 041 | _atur | ||
| 082 |
_a818 _bY91u 2011 |
||
| 090 | _a818 Y91u 2011 | ||
| 100 |
_aYücel, E. Tahsin _d1926- |
||
| 245 |
_aUmuda yolculuk _bütopya _cE. Tahsin Yücel |
||
| 246 | _aütopya | ||
| 260 |
_aİzmir _b[yayl. y.] _c2011 |
||
| 300 |
_a223 s. _c20 sm. |
||
| 504 | _aKaynakça var. | ||
| 650 |
_aTürk edebiyatı _xBilim kurgu |
||
| 942 |
_2ddc _cBKS |
||
| 999 |
_c2602 _d2602 |
||